Serie A Clubs Quiz - Statistics

General Stats
  • This quiz has been taken 97 times
    36 since last reset
  • The average score is 16 of 20
Answer Stats
Club % Correct
Juventus
100%
A.C. Milan
97%
Napoli
97%
Inter Milan
94%
Roma
94%
Lazio
86%
Bologna
83%
Torino
83%
Atalanta
80%
Fiorentina
77%
Hellas Verona
77%
Genoa
74%
Cagliari
71%
Parma
71%
Udinese
69%
Venezia
69%
Como
60%
Lecce
60%
Empoli
57%
Monza
57%
No matching quizzes found
Score Distribution
Percent of People with Each Score
Percentile by Number Answered
Your Score History
You have not taken this quiz since the last reset